00481nam a2200193 a 4500001001300000003000900013005001700022008004100039020001000080082001500090100002400105245002900129260002300158300000900181500003500190505001300225650002500238700002400263nice12345678IN_TiNIC20260116011438.0050524s1953 lona grp 000 0 eng  ac10000a297.5bDON aDonaldson, Dwight M aStudies in Muslim Ethics aLondonbSpckc1953 a304p aincludes index and biblioraphy2 aarchives aIslam-Moral Theology1 aDonaldson, Dwight M